000 00603nam a22002057a 4500
003 OSt
005 20260218072629.0
008 260218b |||||||| |||| 00| 0 eng d
020 _a971-685-675-0
040 _aDWCL-Main Lib
_cOC
082 _aProf. 371.102 C787 2006
100 _aCorpuz, Brenda B. / Salandanan, Gloria G. / Rigor, Dalisay V.
245 _aPrinciples of teaching 2
260 _aQuezon City :
_bLorimar Publishing,
_cc2006
300 _aix,255 p. ;
_c26 cm.
504 _a1. Includes bibliography.
650 _aEducation.
650 _aTeaching.
942 _2ddc
_cPROF.
_mProf.
_n0
999 _c8439
_d8439